Основы программно-аппаратной защиты информации: учебное пособие для вузов

Detalhes bibliográficos
Autor principal: Борисов М. А. Михаил Анатольевич
Outros Autores: Заводцев И. В. Илья Валентинович, Чижов И. В. Иван Владимирович
Resumo:В современном насквозь пропитанном информацией мире от степени защищенности информационно-телекоммуникационных технологий во многом зависит благополучие, а порой — жизнь и здоровье многих людей. Одновременно с этим большое значение приобретает защита национальных информационных ресурсов, обусловленная расширением доступа к ним через открытые информационные сети типа Интернет. Настоящее учебное пособие представляет собой попытку системного изложения подходов к решению проблемы защиты информации в информационных системах, а также теоретических основ применения добавочных средств защиты. В книге рассматриваются возможности типовых средств защиты из состава современных операционных систем и прикладного программного обеспечения, анализируются причины их уязвимостей на основе существующей статистики угроз. Это позволяет сформулировать общие требования к механизмам защиты информации, в том числе теоретически обосновать подходы к построению добавочных средств. Целью настоящего пособия является не только рассмотрение существующих и перспективных методов защиты информации от несанкционированного доступа, но и обоснование требований, предъявляемых к программно-аппаратным средствам при построении комплексной системы защиты информации предприятия. Эти знания позволят читателям самостоятельно ориентироваться на рынке современных средств защиты информации, делая оптимальными их решения. Вместе с тем в пособии значительное внимание уделено визуализации тех задач, с необходимостью решения которых повседневно сталкиваются специалисты по защите информации, что позволяет существенно облегчить восприятие излагаемого материала.
Idioma:russo
Publicado em: Москва, Либроком, 2012
Colecção:Основы защиты информации
Assuntos:
Formato: MixedMaterials Livro
KOHA link:https://koha.lib.tpu.ru/cgi-bin/koha/opac-detail.pl?biblionumber=209274

MARC

LEADER 00000nam0a2200000 4500
001 209274
005 20231101225528.0
010 |a 9785397024730 
035 |a (RuTPU)RU\TPU\book\228597 
090 |a 209274 
100 |a 20120210d2012 m y0rusy50 ca 
101 0 |a rus 
102 |a RU 
105 |a a j 001zy 
200 1 |a Основы программно-аппаратной защиты информации  |e учебное пособие для вузов  |f М. А. Борисов, И. В. Заводцев, И. В. Чижов 
210 |a Москва  |c Либроком  |d 2012 
215 |a 376 с.  |c ил. 
225 1 |a Основы защиты информации 
320 |a Библиогр.: с. 368-370. 
330 |a В современном насквозь пропитанном информацией мире от степени защищенности информационно-телекоммуникационных технологий во многом зависит благополучие, а порой — жизнь и здоровье многих людей. Одновременно с этим большое значение приобретает защита национальных информационных ресурсов, обусловленная расширением доступа к ним через открытые информационные сети типа Интернет. Настоящее учебное пособие представляет собой попытку системного изложения подходов к решению проблемы защиты информации в информационных системах, а также теоретических основ применения добавочных средств защиты. В книге рассматриваются возможности типовых средств защиты из состава современных операционных систем и прикладного программного обеспечения, анализируются причины их уязвимостей на основе существующей статистики угроз. Это позволяет сформулировать общие требования к механизмам защиты информации, в том числе теоретически обосновать подходы к построению добавочных средств. Целью настоящего пособия является не только рассмотрение существующих и перспективных методов защиты информации от несанкционированного доступа, но и обоснование требований, предъявляемых к программно-аппаратным средствам при построении комплексной системы защиты информации предприятия. Эти знания позволят читателям самостоятельно ориентироваться на рынке современных средств защиты информации, делая оптимальными их решения. Вместе с тем в пособии значительное внимание уделено визуализации тех задач, с необходимостью решения которых повседневно сталкиваются специалисты по защите информации, что позволяет существенно облегчить восприятие излагаемого материала. 
606 1 |a Вычислительные машины электронные персональные  |x Защита информации  |2 stltpush  |3 (RuTPU)RU\TPU\subj\4209  |9 32503 
610 1 |a автоматизированные системы 
610 1 |a средства защиты 
610 1 |a актуальные проблемы 
610 1 |a требования 
610 1 |a информация 
610 1 |a разграничение 
610 1 |a компьютерные системы 
610 1 |a доступ 
610 1 |a управление 
610 1 |a подходы 
610 1 |a информационная безопасность 
610 1 |a обеспечение 
610 1 |a контроль 
610 1 |a разрушающие программные воздействия 
610 1 |a компьютерные вирусы 
610 1 |a недопущение 
610 1 |a целостность 
610 1 |a шифрование 
610 1 |a программно-аппаратные средства 
610 1 |a ключевая информация 
610 1 |a парольная информация 
610 1 |a распределение 
610 1 |a хранение 
610 1 |a учебные пособия 
675 |a 004.056(075.8)  |v 4 
700 1 |a Борисов  |b М. А.  |g Михаил Анатольевич 
701 1 |a Заводцев  |b И. В.  |g Илья Валентинович 
701 1 |a Чижов  |b И. В.  |g Иван Владимирович 
801 1 |a RU  |b 63413507  |c 20120210 
801 2 |a RU  |b 63413507  |c 20150421  |g RCR 
942 |c BK 
959 |a 22/20120210  |d 2  |e 421,08  |f ЧЗТЛ:1  |f АНЛ:1